000 00698cam a22002533a 4500
001 232
003 PGUSA
005 20140828082945.0
008 950301s1995||||xxu|||||s|||||000 p eng d
040 _aPGUSA
_beng
042 _adc
050 4 _aPA
100 1 _aVirgil,
_d-70--19
245 1 4 _aThe Georgics
_h[electronic resource] /
_cVirgil
260 _bProject Gutenberg,
_c1995
506 _aPublic domain in the USA.
516 _aElectronic text
653 _aAgriculture -- Poetry
653 _aDidactic poetry, Latin -- Translations into English
740 0 _aGeorgica. English
830 0 _aProject Gutenberg
_v232
856 4 0 _uhttp://www.gutenberg.org/ebooks/232
942 _cEB
999 _c229585
_d229585